Zhodnotenie vývoja zahraničného obchodu SR v rokoch 2010 a 2011

Slovensko je ako malá otvorená ekonomika do veľkej miery závislá od zahraničného obchodu. Dovoz do Slovenskej republiky. Dovoz vybraných tovarových skupín. Vývoz zo Slovenskej republiky. Štruktúra celkového vývozu podľa krajín. Saldo zahraničného obchodu.

Gespeichert in:
Bibliographische Detailangaben
1. Verfasser: Kelemenová, Monika
Format: Buchkapitel
Sprache:Slowakisch
Schlagworte:
Tags: Tag hinzufügen
Keine Tags, Fügen Sie das erste Tag hinzu!

MARC

LEADER 00000nla$a2200000$$$4500
001 0145438
005 20240502072622.5
041 0 |a slo 
044 |a SK 
245 1 0 |a Zhodnotenie vývoja zahraničného obchodu SR v rokoch 2010 a 2011  |c Monika Kelemenová 
520 |a Slovensko je ako malá otvorená ekonomika do veľkej miery závislá od zahraničného obchodu. Dovoz do Slovenskej republiky. Dovoz vybraných tovarových skupín. Vývoz zo Slovenskej republiky. Štruktúra celkového vývozu podľa krajín. Saldo zahraničného obchodu. 
610 2 0 |a obchod zahraničný 
610 2 0 |a Slovensko 
610 2 0 |a vývoz 
610 2 0 |a dovoz 
610 2 0 |a diverzifikácia 
610 2 0 |a štruktúra vývozu 
610 2 0 |a saldo 
100 1 |a Kelemenová, Monika